Zárobky poľnohospodárov rástli najpomalšie v celom národnom hospodárstve
Komentované štatistické údaje o priemerných mesačných mzdách v poľnohospodárstve a ostatných ekonomických odvetviach v SR v r.1992-1993. Poradie okresov podľa nárastu priemerných mesačných miezd poľnohospodárov v uvedených rokoch.
Saved in:
| Main Author: | |
|---|---|
| Format: | Book Chapter |
| Language: | Slovak |
| Subjects: | |
| Tags: |
No Tags, Be the first to tag this record!
|
MARC
| LEADER | 00000naa a2200000 4500 | ||
|---|---|---|---|
| 001 | r015549 | ||
| 005 | 20221205091441.1 | ||
| 041 | 0 | |a slo | |
| 044 | |a SK | ||
| 245 | 1 | 0 | |a Zárobky poľnohospodárov rástli najpomalšie v celom národnom hospodárstve |c Stanislav Buchta |
| 520 | |a Komentované štatistické údaje o priemerných mesačných mzdách v poľnohospodárstve a ostatných ekonomických odvetviach v SR v r.1992-1993. Poradie okresov podľa nárastu priemerných mesačných miezd poľnohospodárov v uvedených rokoch. | ||
| 610 | 2 | 0 | |a poľnohospodárstvo |
| 610 | 2 | 0 | |a mzdy |
| 610 | 2 | 0 | |a Slovensko |
| 610 | 2 | 0 | |a údaje štatistické |
| 610 | 2 | 0 | |a 1992-1993 |
| 610 | 2 | 0 | |a okresy |
| 610 | 2 | 0 | |a odvetvia činnosti ekonomickej |
| 610 | 2 | 0 | |a porovnanie štatistické |
| 610 | 2 | 0 | |a zárobky |
| 100 | 1 | |a Buchta, Stanislav | |